00554nam a22001337a 4500008004100000050001300041245012000054260005500174300001800229700002300247942001300270999001600283952012100299160908b xxu||||| |||| 00| 0 eng d a205/2008 aRedisgning Business Process with Information Systems- Finance Dept. of La Palm Royal Beach HotelcDartey Jessie K.  aAccra:bWisconsin International University,c2008. aVarious pgs.: aDartey, Jessie K.  2lcccREF c6033d13533 00102lcc40708REFaWIUC-1bWIUC-1cSERIALSd2016-09-08l0o205/2008p205r2016-09-08 00:00:00t1w2016-09-08yREF